00301nam a22000977a 4500082002000000100002100020245009400041260004900135300001100184563000800195 a909.097671bMEM aMemon, Ali Nawaz aThe Islamic Nation:bstatus & future of Muslims in the New World Order /cAli Nawaz Memon aLahore :bVanguard Books Pvt Limited,c1996. a261 p. aHB.